| 000 | 00408 a2200157 4500 | ||
|---|---|---|---|
| 001 | 44665 | ||
| 020 | _a858629523x | ||
| 040 | _cAnchieta - Aquarius | ||
| 100 | _aGuedes, Hardy | ||
| 240 | 1 | 0 |
_a#A cigarra e a formiga; Chico Cigarra e Zé Formiga _lpor |
| 245 | 1 | 0 | _a#A cigarra e a formiga; Chico Cigarra e Zé Formiga |
| 300 | _a | ||
| 362 | 0 | _a2000 | |
| 650 | 4 | _aLiteratura infanto-juvenil | |
| 942 | _cBK | ||
| 999 |
_c44665 _d44665 |
||